| 000 | 01141nam a2200241 a 4500 | ||
|---|---|---|---|
| 001 | 48694 | ||
| 003 | BD-RjUL | ||
| 005 | 20211209054553.0 | ||
| 008 | 160816s1979 ii ||||| |||| 00| 0 ben d | ||
| 020 | _c: Irs. 9.00 | ||
| 035 | _a(BD-RjUL)48813 | ||
| 040 |
_aBD-RjUL _bben _cBD-RjUL |
||
| 041 | _aben | ||
| 082 |
_223 _a891.4408 _bSUB 1979 |
||
| 245 | 0 | 0 |
_aসুব্রহ্মণ্য ভারতীর গদ্য সংগ্রহ / _cসম্পাদক পেরিয়স্বামী তুরন ; অনুবাদ বিষ্ণুপদ ভট্টাচার্য |
| 260 |
_aনয়াদিল্লি : _bন্যাশনাল বুক ট্রাস্ট, _c১৯৭৯ |
||
| 300 |
_a[১২], ১৬০ পৃ. ; _c১৯ সেমি |
||
| 650 |
_aবাংলা সাহিত্য _xসংগ্রহ _9122902 |
||
| 650 |
_aBengali Literature _xCollection _9122903 |
||
| 700 |
_aতুরন, পেরিয়স্বামী, সম্পাদক _9146974 |
||
| 700 |
_aভট্টাচার্য, বিষ্ণুপদ, অনুবাদক _9146975 |
||
| 942 |
_2ddc _cBK |
||
| 999 |
_c48694 _d48694 |
||